00387nam a2200145Ia 4500008004100000020001500041041001200056082001100068100001700079245006900096260003600165300000800201650001500209700001700224221030s9999 xx 000 0 und d a8121910218 aEnglish a105.23 aM. N. Mishra 0aInsurance : Principles & Practicecby M. N. Mishra, S. B. Mishra bS. Chand & Co.aNew Delhic2011 a807 aManagement aS. B. Mishra